Operaciones matematicas - Estadísticas

Estadísticas generales
  • Esta prueba ha sido intentada 619 veces
    613 desde el último reinicio
  • La puntuación promedio es 9 de 10
Estadísticas de respuestas
Hint Respuesta % Correcto
4x2 8
100%
10x3 30
99%
32+13 45
99%
45x1 45
99%
7x10 70
98%
76-6 70
98%
50x2 100
97%
6+6 12
97%
2x8 16
97%
3x7 21
97%
6x6 36
97%
50+43 93
97%
7x2 14
96%
4x4 16
96%
12+17 29
96%
8-5 3
96%
5x8 40
96%
23+27 50
96%
7x10 70
96%
3x9 27
95%
21+7 28
95%
9x6 54
95%
8x4 32
94%
23-8 15
93%
6x7 42
93%
100-62 38
92%
54+9 63
92%
100-84 16
91%
52+44 96
91%
34-6 28
86%
88-17 71
85%
No se encontraron pruebas coincidentes
Distribución de puntuación
Porcentaje de gente con cada puntuación
Porcentaje por número respondido
Historial de tus puntuaciones
No has intentado esta prueba desde el último reinicio